Student dormitory - Technik (University Centre with accommodation)

Saved in:
Bibliographic Details
Main Author: Barpagianni, Elpida (Author)
Other Authors: Čerešňová, Zuzana (Thesis advisor)
Format: Manuscript Book
Language:Slovak
English
Published: Bratislava 2015
Subjects:
Online Access:http://is.stuba.sk/zp/portal_zp.pl?podrobnosti=95553
Tags: Add Tag
No Tags, Be the first to tag this record!

MARC

LEADER 00000ntm a22000003a 4500
001 stuzp52461
003 SK-STU
005 20210301104119.3
007 ta
008 150427s2015----xo-----f-mn---000-0-slo-d
040 |a STU  |b slo 
041 0 |a eng 
100 1 |a Barpagianni, Elpida  |u 058180  |4 aut  |U FAD Fakulta architektúry  |T FA Ústav architektúry občianskych budov  |X 46337  |U A8180  |Y 399  |7 46337 
242 0 1 |a Študentský domov - Technik  |y slo 
245 1 0 |a Student dormitory - Technik (University Centre with accommodation) 
260 |c 2015  |a Bratislava 
650 4 |a Študentský domov  |2 slo 
650 4 |a Technik  |2 slo 
650 4 |a stu  |2 slo 
650 4 |a dormitory  |2 eng 
650 4 |a students  |2 eng 
650 4 |a stu  |2 eng 
700 1 |a Čerešňová, Zuzana  |4 ths  |X 470  |7 A000000470 
856 4 |u http://is.stuba.sk/zp/portal_zp.pl?podrobnosti=95553  |u https://opac.crzp.sk/?fn=detailBiblioForm&sid=1080C1D973035A087D2C82E98A31 
SQL |a stuzp52461  |b DBP  |c ENG  |d Student dormitory - Technik (University Centre with accommodation)  |e 46337  |f Barpagianni, Elpida  |g 058180  |h 470  |i Čerešňová, Zuzana  |j 20150617  |k 149  |l 05  |m http://is.stuba.sk/zp/portal_zp.pl?podrobnosti=95553  |n B-AU  |o 5.1.1. architektúra a urbanizmus